LEADER 02312nas 2200661-a 450 001 996251308503316 005 20230518213020.0 011 $a1538-4845 035 $a(DE-599)ZDB2068127-6 035 $a(OCoLC)48841098 035 $a(CKB)954925502194 035 $a(CONSER)--2002211002 035 $a(EXLCZ)99954925502194 100 $a20020122a19819999 s-- a 101 0 $aeng 135 $aurcnu|||||||| 181 $ctxt$2rdacontent 182 $cc$2rdamedia 183 $acr$2rdacarrier 200 10$aTopics in early childhood special education 210 $aAustin, Tex. $cPRO-ED 210 1$a[Thousand Oaks, CA] :$cSAGE Publishing 300 $aRefereed/Peer-reviewed 311 $a0271-1214 531 $aTOP EARLY CHILD SPEC 531 $aTOPICS EARLY CHILD SPEC EDUC 531 $aTOP. EARLY CHILD. SPEC. EDUC 531 0 $aTopics early child. spec. educ. 606 $aChildren with disabilities$xEducation (Preschool)$vPeriodicals 606 $aChild Development 606 $aEducation, Special 606 $aEnfants handicapés$xEnseignement préscolaire$vPériodiques 606 $aChild & Adolescent Psychology$2ebps 606 $aSpecial Education$2ebps 606 $aChildren with disabilities$xEducation (Preschool)$2fast$3(OCoLC)fst00855577 606 $aÉducation précoce$2rasuqam 606 $aÉducation préscolaire$2rasuqam 606 $aÉducation spéciale$2rasuqam 606 $aEnfant handicapé$2rasuqam 608 $aPeriodicals.$2fast 608 $aPériodique électronique (Descripteur de forme)$2rasuqam 608 $aRessource Internet (Descripteur de forme)$2rasuqam 615 0$aChildren with disabilities$xEducation (Preschool) 615 2$aChild Development. 615 2$aEducation, Special. 615 6$aEnfants handicapés$xEnseignement préscolaire 615 7$aChild & Adolescent Psychology. 615 7$aSpecial Education. 615 7$aChildren with disabilities$xEducation (Preschool) 615 17$aÉducation précoce. 615 7$aÉducation préscolaire. 615 17$aÉducation spéciale. 615 7$aEnfant handicapé 676 $a371.9/05 906 $aJOURNAL 912 $a996251308503316 996 $aTopics in early childhood special education$92157070 997 $aUNISA LEADER 01984oam 2200553 450 001 9910712079903321 005 20190327142509.0 035 $a(CKB)5470000002489300 035 $a(OCoLC)1048000063 035 $a(EXLCZ)995470000002489300 100 $a20180807d1958 ua 0 101 0 $aeng 135 $aur||||||||||| 181 $ctxt$2rdacontent 182 $cc$2rdamedia 183 $acr$2rdacarrier 200 10$aSurface water supply of the United States, 1956$hPart 12$iPacific slope basins in Washington and upper Columbia River Basin /$fprepared under the direction of J.V.B. Wells 210 1$a[Washington, D.C.] :$cUnited States Department of the Interior, Geological Survey,$d1958. 210 2$aWashington :$cUnited States Government Printing Office. 215 $a1 online resource (ix, 346 pages) $cillustrations, maps 225 1 $aGeological Survey water-supply paper ;$v1446 300 $a"Prepared in cooperation with the States of Idaho, Montana, and Washington, and with other agencies." 300 $aIncludes index. 606 $aWater-supply$zWashington (State)$zPacific Coast 606 $aWater quality$zColumbia River Watershed 606 $aWater quality$zWashington (State)$zPacific Coast 606 $aWater quality$2fast 606 $aWater-supply$2fast 607 $aUnited States$zColumbia River Watershed$2fast 607 $aWashington (State)$zPacific Coast$2fast 615 0$aWater-supply 615 0$aWater quality 615 0$aWater quality 615 7$aWater quality. 615 7$aWater-supply. 700 $aWells$b J. V. B.$01385991 712 02$aGeological Survey (U.S.), 712 02$aIdaho. 712 02$aMontana. 712 02$aWashington (State) 801 0$bCOP 801 1$bCOP 801 2$bOCLCO 801 2$bOCLCF 801 2$bGPO 906 $aBOOK 912 $a9910712079903321 996 $aSurface water supply of the United States, 1956$93440006 997 $aUNINA LEADER 03976nam 22005535 450 001 9910483287903321 005 20250701050212.0 010 $a3-030-29035-2 024 7 $a10.1007/978-3-030-29035-1 035 $a(CKB)4100000009040614 035 $a(MiAaPQ)EBC5851630 035 $a(DE-He213)978-3-030-29035-1 035 $a(PPN)243766769 035 $a(EXLCZ)994100000009040614 100 $a20190814d2020 u| 0 101 0 $aeng 135 $aurcnu|||||||| 181 $ctxt$2rdacontent 182 $cc$2rdamedia 183 $acr$2rdacarrier 200 10$aAdvances in Intelligent Networking and Collaborative Systems $eThe 11th International Conference on Intelligent Networking and Collaborative Systems (INCoS-2019) /$fedited by Leonard Barolli, Hiroaki Nishino, Hiroyoshi Miwa 205 $a1st ed. 2020. 210 1$aCham :$cSpringer International Publishing :$cImprint: Springer,$d2020. 215 $a1 online resource (632 pages) 225 1 $aAdvances in Intelligent Systems and Computing,$x2194-5365 ;$v1035 300 $aIncludes index. 311 08$a3-030-29034-4 330 $aThis book presents the latest innovative research findings, methods, and development techniques related to intelligent social networks and collaborative systems, intelligent networking systems, mobile collaborative systems, and secure intelligent cloud systems. Offering both theoretical and practical perspectives, it also reveals synergies among various paradigms in the multi-disciplinary field of intelligent collaborative systems. With the rapid development of the Internet, we are experiencing a shift from the traditional sharing of information and applications as the main purpose of the Web to an emergent paradigm that places people at the very centre of networks, making full use of their connections, relations, and collaboration. Social networks also play a major role in the dynamics and structure of intelligent Web-based networking and collaborative systems. Virtual campuses, communities and organizations strongly leverage intelligent networking andcollaborative systems through a wide variety of formal and informal electronic relations, such as business-to-business, peer-to-peer, and many types of online collaborative learning interactions, including the emerging e-learning systems. This has resulted in entangled systems that need to be managed efficiently and autonomously. In addition, while the latest powerful technologies based on grid and wireless infrastructures as well as cloud computing are currently greatly enhancing collaborative and networking applications, they are also facing new challenges. The principal purpose of the research and development community is to stimulate research that will lead to the creation of responsive environments for networking and, in the long term, the development of adaptive, secure, mobile, and intuitive intelligent systems for collaborative work and learning. 410 0$aAdvances in Intelligent Systems and Computing,$x2194-5365 ;$v1035 606 $aEngineering$xData processing 606 $aComputational intelligence 606 $aApplication software 606 $aData Engineering 606 $aComputational Intelligence 606 $aComputer and Information Systems Applications 615 0$aEngineering$xData processing. 615 0$aComputational intelligence. 615 0$aApplication software. 615 14$aData Engineering. 615 24$aComputational Intelligence. 615 24$aComputer and Information Systems Applications. 676 $a006.3 702 $aBarolli$b Leonard$4edt$4http://id.loc.gov/vocabulary/relators/edt 702 $aNishino$b Hiroaki$4edt$4http://id.loc.gov/vocabulary/relators/edt 702 $aMiwa$b Hiroyoshi$4edt$4http://id.loc.gov/vocabulary/relators/edt 906 $aBOOK 912 $a9910483287903321 996 $aAdvances in Intelligent Networking and Collaborative Systems$92542795 997 $aUNINA